[Event "Worldchess Armageddon 2019"]
[Site "Moscow"]
[Date "2019.06.16"]
[Round "15.2"]
[White "Karjakin, Sergey"]
[Black "Nepomniachtchi, Ian"]
[Result "1-0"]
[WhiteElo "2748"]
[BlackElo "2775"]
[Annotator "TA"]
[PlyCount "95"]
[EventDate "2019.06.10"]
[EventCountry "RUS"]
[SourceTitle "playchess.com"]
[Source "ChessBase"]
[SourceQuality "1"]

{[%evp 11,95,1,8,5,15,-1,0,0,5,-10,-12,-19,-11,-50,-56,-46,-41,-89,-40,-60,-52,-66,-59,-145,-149,-256,-250,-248,-245,-228,-236,-238,-215,-230,-226,-228,-184,-267,-266,-280,-252,-264,-254,-250,-196,-226,-213,-203,-215,-190,-155,-150,-144,-129,-90,-108,0,-4,-19,-81,-82,-114,-8,-8,-12,-13,-3,-15,-8,-59,-8,-8,-8,-8,0,0,0,0,56,56,73,73,95,68,266,265]} 1. e4 c5 2. Nf3 d6 3. Bb5+ Nd7 4. d4 cxd4 5. Qxd4 a6 6. Bxd7+ Bxd7 7. c4 {B51: Sicilian: Moscow Variation (3 Bb5+) without 3...Bd7} (7. Nc3 Rc8 8. e5 dxe5 9. Nxe5 f6 10. Nxd7 Qxd7 11. Qxd7+ Kxd7 12. Be3 e5 13. f4 Nh6 14. O-O-O+ Kc6 15. Rhf1 {1-0 (47) Jones,G (2702)-Saric,I (2694) Malmo 2019}) 7... Nf6 8. Nc3 g6 9. O-O {The position is equal.} Bg7 10. Qd3 O-O 11. h3 {[#]} b5 $1 {[%mdl 512]} 12. Be3 (12. cxb5 axb5) 12... bxc4 $146 ({Predecessor:} 12... Qb8 13. Nd2 Bc6 14. Rfc1 Qb7 {½-½ (48) Piesik,P (2353)-Sadzikowski,D (2576) Poland 2018}) 13. Qxc4 Qb8 14. Qe2 Rc8 15. Rfc1 Bc6 16. Bg5 Qb7 {[%cal Rc6e4]} 17. Nd4 (17. Re1 $15) 17... Bxe4 $17 18. Re1 (18. f3 $17 {was necessary.} h6 19. Be3) 18... Bxg2 $19 19. Qxe7 Qxe7 20. Rxe7 Bxh3 21. Rd1 Rab8 22. Rd3 Bg4 23. f3 Bh5 ({Don't take} 23... Rxb2 24. fxg4 Nxg4 25. Re2 $17) 24. Re2 (24. Rd2 {was called for.}) 24... Nd7 25. Kf2 Ne5 26. Rd1 h6 27. Bf4 g5 28. Bxe5 dxe5 ({Resist} 28... Bxe5 29. Nf5) 29. Nf5 Rc4 {Hoping for ...Rf4.} 30. Ne4 Bg6 31. Ne7+ Kh7 32. Nxg6 fxg6 33. Rd7 {[#]} Rcb4 ({Better is} 33... Rf8 $1 $17 34. Kg3 Rd4) 34. b3 $11 R4b7 35. Rd6 (35. Red2 $11) 35... Ra7 36. Red2 a5 (36... Rf8 $17 {Strongly threatening ...g4.} 37. Kg3 Rf4) 37. Rd7 $1 {[%cal Rd7a7]} Rxd7 38. Rxd7 {[%mdl 4096] Endgame KRB-KRN} Ra8 39. a4 Kg8 40. Kg3 (40. Ke2 $11) 40... Rb8 ({Black should try} 40... Rf8 $1 $15) 41. Ra7 Rxb3 42. Rxa5 h5 43. Ra8+ Bf8 {And now ...g4 would win.} 44. Nxg5 Kg7 ({Black should play} 44... e4 $1 $11) 45. Ne6+ $14 Kf6 {...Bd6 is the strong threat.} 46. Nxf8 {aiming for Ra6+.} e4 47. Nh7+ Ke5 $2 (47... Ke7 $14) 48. Re8+ {Accuracy: White = 43%, Black = 48%.} 1-0